[Event "World ol U16"]
[Site "Corum"]
[Date "2019.11.01"]
[Round "5.23"]
[White "De Jager, Andreas"]
[Black "Asavasaetakul, Chawit"]
[Result "1-0"]
[WhiteElo "1728"]
[BlackElo "1746"]
[PlyCount "79"]
[EventDate "2019.10.29"]
[EventType "team-swiss"]
[EventRounds "9"]
[EventCountry "TUR"]
[SourceTitle "CBM 192 Extra"]
[Source "Chessbase"]
[SourceDate "2019.11.06"]
[SourceVersion "1"]
[SourceVersionDate "2019.11.06"]
[SourceQuality "1"]
[WhiteTeam "South Africa II"]
[BlackTeam "Thailand II"]
[WhiteTeamCountry "RSA"]
[BlackTeamCountry "THA"]

1. e4 c6 2. d4 d5 3. Nd2 dxe4 4. Nxe4 Nf6 5. Nxf6+ exf6 6. Nf3 Bd6 7. Bd3 0-0 8. 0-0 Bg4 9. c3 Re8 10. Kh1 Bc7 11. h3 Bh5 12. Re1 Bxf3 13. gxf3 Nd7 14. Rg1 Nf8 15. f4 Qd5+ 16. Rg2 Ng6 17. Kg1 c5 18. Bd2 cxd4 19. c4 Qd7 20. Qh5 Bd6 21. Rg4 Qc6 22. f5 Qf3 23. fxg6 hxg6 24. Qh4 Qxd3 25. Rxd4 Qf5 26. Rxd6 Re4 27. Qg3 Rxc4 28. Qd3 Re4 29. f3 Qc5+ 30. Kg2 Re5 31. Bf4 Rf5 32. Bg3 Rg5 33. h4 Rf5 34. Re1 Rc8 35. Rd8+ Kh7 36. Ree8 Rxd8 37. Qxd8 Qc2+ 38. Kh3 g5 39. Rh8+ Kg6 40. h5# 1-0

[Event "World ol U16"]
[Site "Corum"]
[Date "2019.10.30"]
[Round "2.21"]
[White "De Jager, Andreas"]
[Black "Tantipura, Noppakorn"]
[Result "0-1"]
[WhiteElo "1728"]
[BlackElo "1851"]
[PlyCount "62"]
[EventDate "2019.10.29"]
[EventType "team-swiss"]
[EventRounds "9"]
[EventCountry "TUR"]
[SourceTitle "CBM 192 Extra"]
[Source "Chessbase"]
[SourceDate "2019.11.06"]
[SourceVersion "1"]
[SourceVersionDate "2019.11.06"]
[SourceQuality "1"]
[WhiteTeam "South Africa II"]
[BlackTeam "Thailand"]
[WhiteTeamCountry "RSA"]
[BlackTeamCountry "THA"]

1. e4 e5 2. Nf3 Nc6 3. d4 exd4 4. Nxd4 Nf6 5. Nxc6 bxc6 6. e5 Qe7 7. Qe2 Nd5 8. c4 Ba6 9. b3 g6 10. Bb2 Bg7 11. Nd2 0-0 12. Qe4 Nb6 13. 0-0-0 d5 14. exd6 Bxb2+ 15. Kxb2 Qf6+ 16. Kc2 cxd6 17. Qf3 Qe5 18. Qxc6 Rfc8 19. Qe4 Qa5 20. Kb2 Rab8 21. Qc2 d5 22. a3 dxc4 23. b4 Nd5 24. Bxc4 Nxb4 25. axb4 Qxb4+ 26. Bb3 Rxc2+ 27. Kxc2 Rc8+ 28. Kb2 Be2 29. Nb1 Rb8 30. Nd2 a5 31. Rhe1 Bxd1 0-1

[Event "RSA-ch U12"]
[Site "Bloemfontein"]
[Date "2016.03.24"]
[Round "8"]
[White "Olkers, Lleyton"]
[Black "De Jager, Andreas"]
[Result "0-1"]
[WhiteElo "1292"]
[BlackElo "1564"]
[PlyCount "44"]
[EventDate "2016.03.20"]
[EventType "swiss"]
[EventRounds "11"]
[EventCountry "RSA"]
[SourceTitle "CBM 171 Extra"]
[Source "ChessBase"]
[SourceDate "2016.04.26"]
[SourceVersion "1"]
[SourceVersionDate "2016.04.26"]
[SourceQuality "1"]

1. e4 c5 2. Nf3 Nc6 3. Bb5 g6 4. c3 Bg7 5. d4 cxd4 6. cxd4 Qb6 7. Nc3 e6 8. Be3 Nge7 9. 0-0 d5 10. Bxc6+ bxc6 11. Qd2 dxe4 12. Nxe4 Nf5 13. Ng3 Nxe3 14. fxe3 0-0 15. Rac1 Ba6 16. Rfe1 Rac8 17. Ne4 Rcd8 18. Qc2 e5 19. Qxc6 Qxc6 20. Rxc6 Bb7 21. Nf6+ Kh8 22. Rc7 Bxf6 0-1

[Event "RSA-chT U12"]
[Site "Cape Town"]
[Date "2016.01.06"]
[Round "5.1"]
[White "De Jager, Andreas"]
[Black "Le Roux, Emile"]
[Result "1-0"]
[WhiteElo "1580"]
[BlackElo "1032"]
[PlyCount "29"]
[EventDate "2016.01.04"]
[EventType "team-tourn"]
[EventRounds "7"]
[EventCountry "RSA"]
[SourceTitle "CBM 170 Extra"]
[Source "ChessBase"]
[SourceDate "2016.02.25"]
[SourceVersion "1"]
[SourceVersionDate "2016.02.25"]
[SourceQuality "1"]
[WhiteTeam "Western Province"]
[BlackTeam "Ekurhuleni"]
[WhiteTeamCountry "RSA"]
[BlackTeamCountry "RSA"]

1. e4 e5 2. Nf3 Nc6 3. d4 exd4 4. Bc4 h6 5. Nxd4 Nf6 6. Nxc6 dxc6 7. Qxd8+ Kxd8 8. Bxf7 Nxe4 9. Be3 Bd6 10. Nd2 Nxd2 11. Bxd2 Rf8 12. Bb3 Ke7 13. Rd1 Bd7 14. 0-0 Rad8 15. Rfe1+ 1-0

[Event "South African op"]
[Site "Cape Town"]
[Date "2015.07.05"]
[Round "4"]
[White "Van Zyl Rudd, Jack"]
[Black "De Jager, Andreas"]
[Result "1-0"]
[WhiteElo "1693"]
[BlackElo "1312"]
[PlyCount "141"]
[EventDate "2015.07.03"]
[EventType "swiss"]
[EventRounds "11"]
[EventCountry "RSA"]
[SourceTitle "CBM 167 Extra"]
[Source "ChessBase"]
[SourceDate "2015.09.14"]
[SourceVersion "1"]
[SourceVersionDate "2015.09.14"]
[SourceQuality "1"]

1. d4 Nf6 2. c4 e5 3. dxe5 Ng4 4. Bf4 Nc6 5. Nf3 Bb4+ 6. Nbd2 Qe7 7. e3 Ngxe5 8. Be2 0-0 9. 0-0 d6 10. a3 Ba5 11. b4 Bb6 12. Rc1 Bf5 13. Nb3 a6 14. c5 dxc5 15. Nxc5 Bxc5 16. Rxc5 Rad8 17. Qb3 Be6 18. Qc2 Ng6 19. Bg3 Rd5 20. Rc3 Bf5 21. Qb3 Rfd8 22. Bxa6 Na5 23. bxa5 bxa6 24. Bxc7 Rb5 25. Bxd8 Rxb3 26. Bxe7 Rxc3 27. Bb4 Rc8 28. Nd4 Bd3 29. Rd1 h6 30. h3 Bc4 31. Rc1 Ne5 32. Nf5 Be6 33. Ne7+ Kh7 34. Nxc8 Nd3 35. Rc6 Ne5 36. Rc1 Nd3 37. Rc2 Ne5 38. Ne7 Bb3 39. Rc3 Be6 40. Nc6 Nd7 41. Nd4 Bd5 42. Rc7 Nf6 43. f3 Ne8 44. Re7 Nf6 45. e4 Bc4 46. g4 Ng8 47. Ra7 Nf6 48. Nc6 Be2 49. Kf2 Bb5 50. Nb8 Kg6 51. Nxa6 Bc6 52. Nb8 Bb5 53. a6 Ne8 54. Re7 Bxa6 55. Nxa6 Nf6 56. Nc7 Nh7 57. h4 Nf6 58. e5 Ng8 59. a4 Nxe7 60. Bxe7 f5 61. a5 fxg4 62. a6 gxf3 63. a7 Kh5 64. a8Q g5 65. hxg5 Kg6 66. Qe8+ Kf5 67. Qf7+ Kxe5 68. Bf6+ Kd6 69. Qe7+ Kc6 70. gxh6 Kb6 71. Nd5+ 1-0